| 000 | 00000nam 2200000zi 4500 |
| 001 | 9.935672 |
| 003 | CaOODSP |
| 005 | 20250722153221 |
| 006 | m o d f |
| 007 | cr m|||||||||| |
| 008 | 240320t20242024onc o f000 0 eng d |
| 020 | |a9780660709109 |
| 040 | |aCaOODSP|beng|erda|cCaOODSP |
| 043 | |an-cn--- |
| 086 | 1 |aT94-61/2024E-PDF |
| 245 | 00|aEveryone counts : |ba guide to point-in-time counts in Canada. |
| 250 | |a4th Edition. |
| 264 | 1|aOttawa, Ontario : |b[Housing, Infrastructure and Communities Canada = Logement, infrastructures et collectivités Canada], |c[2024]. |
| 264 | 4|c©2024 |
| 300 | |a1 online resource (45 pages) |
| 336 | |atext|btxt|2rdacontent |
| 337 | |acomputer|bc|2rdamedia |
| 338 | |aonline resource|bcr|2rdacarrier |
| 500 | |aTitle from cover. |
| 500 | |aAt head of title : Reaching home : Canada's homelessness strategy. |
| 500 | |aIssued also in French under title: Tout le monde compte : un guide sur les dénombrements ponctuels au Canada. |
| 520 | |a"This guide was developed by the Government of Canada. It is intended to provide guidance to communities participating in the nationally coordinated Point-in-Time (PiT) count, and other communities that wish to conduct comparable counts. It includes the standards for participation, the core screening and survey questions that are used across participating communities, and guidelines for implementing a PiT Count"--About this guide, page 5. |
| 650 | 0|aHomeless persons|xHousing|zCanada|xStatistics. |
| 710 | 1 |aCanada. |bInfrastructure Canada, |eissuing body. |
| 710 | 1 |aCanada. |bHousing, Infrastructure and Communities Canada, |eissuing body. |
| 775 | 08|tTout le monde compte : |w(CaOODSP)9.935673 |
| 795 | |tEveryone counts : |b2021|w(CaOODSP)9.897334 |
| 856 | 40|qPDF|s825 KB|uhttps://publications.gc.ca/collections/collection_2025/licc-hicc/T94-61-2024-eng.pdf |